La carrière de Dustin Poirier - UFC - Statistiques

Statistiques générales
  • Ce quiz a été pris 29 fois
  • Le résultat moyen est 15 sur 32
Statistiques - réponses
Événement Résultat (V-D) Combattant % Correct
UFC 264 V - TKO Conor McGregor
100%
UFC 257 V - TKO Conor McGregor
100%
UFC 178 D - TKO Conor McGregor
100%
UFC 242 D - Soumission Khabib Nurmagomedov
96%
UFC 302 D - Soumission Islam Makhachev
92%
UFC 318 D - Décision Max Holloway
92%
UFC 236 V - Décision Max Holloway
92%
UFC 143 V - Soumission Max Holloway
92%
UFC 299 V - KO Benoît Saint Denis
88%
UFC 291 D - KO Justin Gaethje
88%
UFC ON FOX 29 V - TKO Justin Gaethje
88%
UFC 269 D - Soumission Charles Oliveira
80%
UFC 281 V - Soumission Michael Chandler
64%
UFC ON ESPN V - Soumission Dan Hooker
60%
UFC ON FOX V - TKO Eddie Alvarez
40%
UFC 211 Sans décision Eddie Alvarez
40%
UFC Fight Night V - TKO Anthony Pettis
36%
UFC ON FUEL TV D - Soumission Chan Sung Jung
32%
UFC Fight Night D - KO Michael Johnson
28%
UFC 199 V - KO Bobby Green
24%
UFC ON FUEL TV - Barao vs McDonald D - Décision Cub Swanson
24%
UFC 208 V - Décision Jim Miller
16%
UFC Fight Night - Mendes vs Lamas V - KO Carlos Diego Ferreira
8%
UFC 195 V - Décision Joseph Duffy
8%
The Ultimate Fighter : Bisping vs Kennedy V - TKO Akira Corassani
4%
UFC 168 V - KO Diego Brandao
4%
UFC 164 V - Décision Erik Koch
4%
UFC 131 V - Décision Jason Young
4%
UFC 125 V - Décision Josh Grispi
4%
UFC ON FOX - Velasquez vs Dos Santos V - Soumission Pablo Garza
4%
UFC Fight Night - Boetsch vs Henderson V - TKO Yancy Medeiros
4%
The Ultimate Fighter V - Soumission Jonathan Brookings
0%
Aucun quiz correspondant
Distribution des résultats
% des personnes avec chaque résultat
Percentile par nombre de réponses
Votre historique - résultats
Vous n’avez pas pris ce quiz